000 00982cab a2200301 4500
001 ABS56005
008 090401t1996 xxu||||| |||| 00| 0 eng d
035 _a(Sirsi) u20376
041 _aeng
100 _aGhosh, S.
245 _aInside London
260 _c1996
350 _a0
490 _aInside Housing
_v13(40) 11 October 1996, 17-24(7)
520 _aA feature on housing in London, considering the merits of a single council for London such as the old GLC and if created what powers it would have and how housing would feature; nightshelters for evicted asylum seekers; social housing development and the cost of housing benefit.
650 _aASYLUM SEEKERS
650 _aHOUSING BENEFIT
650 _aLONDON
650 _aSINGLE LONDON AUTHORITY
650 _aSOCIAL HOUSING
650 _aSTRATEGIC PLANNING
690 _aHOUSING
700 _aEllery, S.
700 _aRobinson, D.
700 _aEveleigh, J.
942 _n0
948 _c04/03/1997
999 _c13649
_d13649